000 00426nam a2200205Ia 4500
001 11604
003 GE_BSU
008 181216s||||||||xx |||||||||||||| ||und||
020 _a0718145860
040 _cGE_BSU
080 _a821.111-312
100 _aTracy,P.J.
245 _aLive bite.
260 _aLondon
260 _bPencuin books.
260 _c2004.
300 _a362P;24CM.
653 _aLive bite.
942 _cBK
999 _c44799
_d44799